| 000 | 01100nam a22002535i 4500 | ||
|---|---|---|---|
| 001 | 12960 | ||
| 003 | ES-MaACL | ||
| 005 | 20230906150442.0 | ||
| 007 | t| | ||
| 008 | 951023s1994 sp ||||0| spa j | ||
| 020 | _a84-87387-79-9 | ||
| 080 | _a338.1(4-672 CE-31) | ||
| 100 | 1 |
_aMolina Ibáñez, Mercedes. _981943 |
|
| 245 | 1 | 3 |
_aLa Europa de los contrastes _b: disparidades socioeconómicas en la Europa comunitaria / _cMercedes Molina Ibáñez, Andrés Rodríguez Pose ; [colabora, Instituto Andaluz de Evaluación Educativa y Formación del Profesorado]. |
| 260 |
_a[Armilla, Granada : _bProyecto Sur], _c[1994] |
||
| 300 |
_a135 p. ; _c24 cm. |
||
| 500 | _aEn la cub.: Hespérides. | ||
| 504 | _aBibliografía: p. 131-135. | ||
| 650 | 1 | 4 |
_aDesarrollo regional- _zPaíses de la Unión Europea. _911814 |
| 700 | 1 |
_aRodríguez Pose, Andrés. _998742 |
|
| 710 | 2 |
_aInstituto Andaluz de Evaluación Educativa y Formación del Profesorado. _94793 |
|
| 710 | 2 |
_aAsociación de Profesores de Geografía e Historia de Bachillerato de Andalucía "Hespérides" _91627 |
|
| 852 |
_aES-MaACL _jL-20282 |
||
| 999 |
_c12960 _d12960 |
||